000 00438nam a2200169 i 4500
001 112970
003 ES-MaACL
005 20250724094353.0
007 t|
008 061121s1958 sp r ||||1| spa d
245 0 0 _aNuevo Atlas Mundial.
260 _aMadrid :
_bAguilar,
_c1958.
300 _a392 p., 101 lám. :
_bil. ;
_c31 cm.
650 7 _aAtlas
_2embne
_910407
852 _aES-MaACL
_jA-3243
_bR.42188
999 _c112970
_d112970